Mastering VMware vSphere R / (Record no. 18739)

MARC details
000 -LEADER
fixed length control field 01111cam a22003137i 4500
005 - DATE AND TIME OF LATEST TRANSACTION
control field 20240510160014.0
008 - FIXED-LENGTH DATA ELEMENTS--GENERAL INFORMATION
fixed length control field 150112s2015 inu 000 0 eng
010 ## - LIBRARY OF CONGRESS CONTROL NUMBER
LC control number 2015930535
020 ## - INTERNATIONAL STANDARD BOOK NUMBER
ISBN 9781118925157 (pbk. : alk. paper)
020 ## - INTERNATIONAL STANDARD BOOK NUMBER
ISBN 1118925157 (pbk. : alk. paper)
040 ## - CATALOGING SOURCE
Original cataloging agency DLC
Language of cataloging eng
Description conventions rda
Transcribing agency DLC
Modifying agency DLC
082 ## - DEWEY DECIMAL CLASSIFICATION NUMBER
Classification number 005.43
Item number MAR-M
100 1# - MAIN ENTRY--AUTHOR
Author Name Marshall, Nick,
245 10 - TITLE STATEMENT
Title Mastering VMware vSphere R /
Statement of responsibility, etc. Nick Marshall, Grant Orchard, Josh Atwell.
260 ## - PUBLICATION, DISTRIBUTION, ETC.
Place of Publication Canada
Name of publisher, distributor, etc. Wiley
Date of publication, distribution, etc. 2015
300 ## - PHYSICAL DESCRIPTION
Pages xxii, 810 pages :
336 ## - CONTENT TYPE
Content type term text
Content type code txt
Source rdacontent
337 ## - MEDIA TYPE
Media type term unmediated
Media type code n
Source rdamedia
338 ## - CARRIER TYPE
Carrier type term volume
Carrier type code nc
Source rdacarrier
500 ## - GENERAL NOTE
General note Includes index.
500 ## - GENERAL NOTE
General note [Registered trademark R]
500 ## - GENERAL NOTE
General note Minimal Level Cataloging Plus.
Institution to which field applies DLC
650 #0 - SUBJECT ADDED ENTRY--TOPICAL TERM
Subject / Department Operating systems (Computers)
650 #0 - SUBJECT ADDED ENTRY--TOPICAL TERM
Subject / Department Windows (Computer programs)
264 #1 - PRODUCTION, PUBLICATION, DISTRIBUTION, MANUFACTURE, AND COPYRIGHT NOTICE
Place of production, publication, distribution, manufacture Indianapolis, Indiana :
Name of producer, publisher, distributor, manufacturer Sybex, A Wiley Brand
Date of production, publication, distribution, manufacture, or copyright notice [2015]
300 ## - PHYSICAL DESCRIPTION
-- illustrations ;
-- 24 cm
906 ## - LOCAL DATA ELEMENT F, LDF (RLIN)
a 7
b cbc
c orignew
d 4
e epcn
f 20
g y-gencatlg
952 ## - LOCATION AND ITEM INFORMATION (KOHA)
-- 0
-- 0
Holdings
Lost status Damaged status Permanent Location Current Location Shelving Location Date acquired Full Call Number Accession No./Barcode Date last seen item type
    Superior Information Resource Center (SIRC) Superior University- Gold Campus Superior Information Resource Center (SIRC) Superior University- Gold Campus Operating Systems 06/14/2023 005.43 MAR-M 2015 19319 06/14/2023 BOOK

Powered by Koha